00234nam a2200061 4500008004100000245008000041260005100121240130b |||||||| |||| 00| 0 eng d aJournal:Institute of Muslim minority affairs:bVol. II No.2 & Vol. III No.3 aJeddah:bKing Abdulaziz university,c1980/1981